Exekučný zákon

Bibliographic Details
Main Author: Karmán, Julius (Author)
Format: Book
Language:English
PhysicalDescription:446 s.
Published: Bratislava Academia 1935
Edition:2. preprac. a dopl. vyd.

MARC

LEADER 00000nam a2200000 a 4500
001 vtls008155526
003 SK-MaSNL
005 20260301074526.0
008 240313 000 0 eng
040 |a SNK  |b slo  |c SNK  |e AACR2 
100 1 |a Karmán, Julius  |4 aut  |9 303696 
245 1 |a Exekučný zákon 
250 |a 2. preprac. a dopl. vyd. 
260 |a Bratislava  |b Academia  |c 1935 
300 |a 446 s. 
999 |c 647421  |d 649351 
952 |a SNK  |b SNK  |y VYP  |7 0  |p 17A0614775  |o snkSD 11227 D1  |i snkKSK 2327/56  |8 3  |0 0  |1 0  |4 0  |d 2009-03-05  |l 0  |r 2026-02-23 18:12:02  |w 2026-02-23 
952 |a SNK  |b SNK  |y PREZ  |7 0  |p 17A0469656  |o snkSD 11227  |i snk1310/56  |3 rekatalogizácia  |0 0  |1 0  |4 0  |d 2005-05-23  |l 0  |r 2025-11-25 00:00:00  |w 2026-02-23